000 00479cam a22002051 4500
001 sa 68005574
003 DLC
005 20260227112509.0
008 881029s1967 xx 000 0 beno
010 _asa 68005574
035 _a(OCoLC)23580502
040 _aDLC
_cMiU
_dDLC
042 _apremarc
050 0 0 _aPK1730.29.O6
_bL3
100 2 _aMoqbul Ahmed, A. K.
245 1 0 _aLatābaudi.
260 _c[1967]
300 _a151 p.
_billus.
_c23 cm.
500 _aRomanized.
999 _c80782
_d80782